Canstruction: TV Characters Quiz Stats

 Plays Quiz Updated Oct 19, 2014

Score 0/20 Timer 04:00
0 Plays Today
Hint Answer % Correct
Homer and Marge Simpson
99.4%
SpongeBob SquarePants
97.8%
Big Bird and Oscar
96.5%
Kermit the Frog
94.8%
Tweety Bird
94.6%
Hello Kitty
94.6%
Garfield the Cat
93.7%
Yogi Bear
93.6%
Bob the Builder
93.2%
Snoopy
91.1%
Hint Answer % Correct
Stewie Griffin
88.7%
Smurfette
87.4%
Kenny McCormick
86.3%
Optimus Prime
76.3%
Pokeball
71.9%
Gumby and Pokey
67.9%
Marvin the Martian
64%
The Price is Right
50%
Master Shake, Meatwad, Frylock
38.9%
Kang or Kodos
27.2%

You're not logged in!

Compare scores with friends on all Sporcle quizzes.
Join for Free
OR
Log In

You Might Also Like...

Show Comments

Extras

Top Quizzes Today


Score Distribution

Your Account Isn't Verified!

In order to create a playlist on Sporcle, you need to verify the email address you used during registration. Go to your Sporcle Settings to finish the process.

Report this User

Report this user for behavior that violates our Community Guidelines.

Details: